Personnages de Star Wars par leur mort - Statistiques

Statistiques générales
  • Ce quiz a été pris 650 fois
  • Le résultat moyen est 8 sur 15
Statistiques - réponses
Mort Personnage % Correct
Coupé en deux et jeté dans le vide par un padawan Dark Maul
92%
Elle a survécu à Géonosis et à l'ordre 66 mais est morte en accouchant Padmé Amidala
83%
Mort de vieillesse, ce qui est rare pour Star Wars Yoda
82%
Étranglé par celle qui était attaché à lui, avec sa chaîne Jabba le Hutt
71%
Tué par Obi-Wan avec un simple blaster Général Grievous
67%
Tombé dans le Sarlacc à cause de la maladresse d'Han Boba Fett
65%
Coupé en deux par le sabre laser placé sur son dossier Snoke
57%
Décapité alors qu'il se jetait par terre pour récupérer un sabre laser Jango Fett
51%
Celui-là a survécu 8 secondes. Je ne sais pas si c'est vraiment mieux... Kit Fisto
49%
Tué dans son vaisseau par des clones alors que c'est un as du pilotage Plo Koon
46%
Il a rien fait mais il s'est quand même fait exploser avec sa planète Bail Organa
38%
Tuée par des clones sans même essayer de se défendre Aayla Secura
31%
4 tirs de blaster de Jango Fett alors qu'il a un sabre laser Coleman Trebor
19%
Assassinés en exactement 3 secondes par Sidious (deuxième) Saesee Tiin
16%
Assassinés en exactement 3 secondes par Sidious (premier) Agen Kolar
15%
Aucun quiz correspondant
Distribution des résultats
% des personnes avec chaque résultat
Percentile par nombre de réponses
Votre historique - résultats
Vous n’avez pas pris ce quiz